Development of the economic potential of Snina - region from the viewpoint of tourism

Salvato in:
Dettagli Bibliografici
Autore principale: Weiss, Erik, 1979-
Altri autori: Naščáková, Jana
Natura: Capitolo di libro
Lingua:inglese
Tags: Aggiungi Tag
Nessun Tag, puoi essere il primo ad aggiungerne!!

MARC

LEADER 00000naa$a2200000$$$4500
001 0093171
005 20240502072035.1
041 0 |a eng 
044 |a SK 
245 1 0 |a Development of the economic potential of Snina - region from the viewpoint of tourism  |c Erik Weiss, Jana Naščáková 
100 1 |a Weiss, Erik, 1979- 
700 1 |a Naščáková, Jana